10 énigmes #1 - Statistiques

Statistiques générales
  • Ce quiz a été pris 343 fois
  • Le résultat moyen est 6 sur 10
Statistiques - réponses
Hint Réponse % Correct
Le fils du père de mon fils est : Mon fils
85%
Un nénuphar double de volume chaque jour ! Au bout de 35 jours, il fait la moitié du lac. En combien de jours aura-t-il couvert tout le lac ? 36
81%
Je ne peux pas marcher, j’ai pourtant un dos et quatre pieds. Qui suis-je ? Une chaise
73%
Complétez la suite logique : 5 - 5 - 8 - 5 - 8 - 6 - ? 8
72%
Un père et son fils ont 36 ans à eux deux. Le père a 30 ans de plus que le fils. Quel âge à le père ? 33
70%
Un avion pile à la frontière France-Espagne. Où enterre-t-on les rescapés ? Nulle part
61%
Tu es capitaine d'un bateau de croisière contenant 1500 chambres, 3 restaurants (1 italien, 1 japonnais et 1 général), 2 piscines et qui navigue à 18 noeuds. Que âge à le capitaine ? Mon âge
55%
Qu'est-ce qui n'appartiens qu'à toi, mais que tout le monde utilise ? Le prénom
54%
Qu'est ce qui peut-être plus grand que la Tour Eiffel mais beaucoup moins lourd ? Son ombre
42%
Je fais le tour du monde en restant dans un coin. Qui suis-je ? Un timbre
35%
Aucun quiz correspondant
Distribution des résultats
% des personnes avec chaque résultat
Percentile par nombre de réponses
Votre historique - résultats
Vous n’avez pas pris ce quiz